000 02448 a2200289 4500
008 090326t xxu||||| |||| 00| 0 hin d
010 _aBPPD-H173 B287261-267
020 _c125.00
_a8181662091
035 _aB-287261-267
037 _bमेघा बुक्स
040 _adpl
_bHN
082 _a821
100 _aजैन,सुनीता
245 _aबारिश में दिल्ली /
_cसुनीता जैन
260 _aदिल्ली
_bमेधा बुक्स
_c2007
270 _aएक्स-11, नवीन शाहदरा
_bदिल्ली
_e110032
300 _a96पृ.
_c22सेमी (सजिल्द)
942 _adpl
_cHN
_2ddc
_h821
_mजैनसु
999 _c12493
_d12493